| 000 | 00880nam a22002531u 4500 | ||
|---|---|---|---|
| 001 | 05772 | ||
| 003 | HDC | ||
| 007 | cr bn --- | ||
| 008 | 210121p2010 |o d 00 engg | ||
| 040 | _aHDC | ||
| 100 |
_aHooper, Stephen _eauthor _96085 |
||
| 245 | 0 |
_aAustralian lamb: Financial performance of slaughter lamb producing farms, 2007-08 to 2009-10 / by _cStephen Hooper |
|
| 260 |
_a[No Place] : _b[publisher not identified], _c2010 |
||
| 300 | _a24 pages | ||
| 336 |
_atext _2rdacontent |
||
| 337 |
_acomputer _2rdamedia |
||
| 338 |
_aonline resource _2rdacarrier |
||
| 650 |
_alamb producing _96094 |
||
| 650 |
_aslaughter _91299 |
||
| 856 | _zRequest full-text at [email protected] | ||
| 942 | _2lcc | ||
| 942 | _cEIS | ||
| 942 | _kREPT 000195 | ||
| 999 |
_c3096 _d3096 |
||